[Event "Montcalm 1 2025-26"]
[Site "Quebec CAN"]
[Date "2025.09.25"]
[Round "3"]
[White "Belanger, Mathieu-Olivier"]
[Black "Quigley, Charles-David"]
[Result "1-0"]
[WhiteElo "1926"]
[BlackElo "1735"]
[WhiteFideId "-1"]
[WhiteFideId "-1"]
[PlyCount "65"]
[GameId "2226715195929343"]
[EventDate "2025.09.11"]
[EventType "swiss"]
[EventRounds "5"]
[EventCountry "CAN"]

1. e4 c5 2. Nf3 e6 3. d4 cxd4 4. Nxd4 Nc6 5. Be2 Nf6 6. Nxc6 bxc6 7. Nd2 d5 8. e5 Nd7 9. Nf3 Qc7 10. Bf4 Rb8 11. Qc1 Ba6 12. c4 Bb4+ 13. Kf1 Bc5 14. a3 Qb6 15. b4 Bxf2 16. Ra2 Bd4 17. c5 Nxc5 18. Nxd4 Ne4 19. Qxc6+ Qxc6 20. Nxc6 Bxe2+ 21. Rxe2 Rb7 22. Rc2 Kd7 23. Ke2 f6 24. Rhc1 Rc8 25. Na5 Rxc2+ 26. Rxc2 Rb5 27. exf6 gxf6 28. Rc7+ Ke8 29. Nc6 e5 30. Re7+ Kf8 31. Bh6+ Kg8 32. Nd8 Nd6 33. Rg7+ 1-0

[Event "Montcalm 1 2025-26"]
[Site "Quebec CAN"]
[Date "2025.09.25"]
[Round "3"]
[White "Bergeron, Nicolas"]
[Black "Burigusa, Guillaume"]
[Result "1-0"]
[WhiteElo "1647"]
[BlackElo "1192"]
[WhiteFideId "-1"]
[WhiteFideId "-1"]
[PlyCount "83"]
[GameId "2226715195933446"]
[EventDate "2025.09.11"]
[EventType "swiss"]
[EventRounds "5"]
[EventCountry "CAN"]

1. d4 d5 2. c4 Nf6 3. cxd5 Nxd5 4. Nf3 Nc6 5. e4 Nf6 6. h3 Nxe4 7. d5 Nb4 8. Qa4+ Qd7 9. Qxb4 Qxd5 10. Bc4 Qc5 11. Qxc5 Nxc5 12. O-O e6 13. Be3 b6 14. Bb5+ Bd7 15. Nd4 a6 16. Be2 e5 17. Nb3 Bb5 18. Bxb5+ axb5 19. N1d2 Bd6 20. Nxc5 Bxc5 21. Bxc5 bxc5 22. Rfe1 f6 23. Ne4 c4 24. f4 O-O 25. fxe5 fxe5 26. Nc3 b4 27. Nd5 c5 28. Rxe5 Rfe8 29. Rxe8+ Rxe8 30. Kf1 Re5 31. Nb6 c3 32. bxc3 bxc3 33. Rc1 Re3 34. Nd5 Rd3 35. Nxc3 c4 36. Rc2 Kf7 37. a4 Ke7 38. Ke2 Kd7 39. Nb5 Rg3 40. Kf2 Rb3 41. Rxc4 Ke6 42. Nd4+ 1-0

[Event "Montcalm 1 2025-26"]
[Site "Quebec CAN"]
[Date "2025.09.25"]
[Round "3"]
[White "Boissinot, Claude"]
[Black "Pepin, Pierre-Luc"]
[Result "1-0"]
[WhiteElo "1462"]
[BlackElo "1137"]
[WhiteFideId "-1"]
[WhiteFideId "-1"]
[PlyCount "37"]
[GameId "2226715195937547"]
[EventDate "2025.09.11"]
[EventType "swiss"]
[EventRounds "5"]
[EventCountry "CAN"]

1. e4 c6 2. d4 d5 3. exd5 cxd5 4. c4 dxc4 5. Bxc4 e6 6. Nf3 Nf6 7. O-O a6 8. a4 Nc6 9. Nc3 Be7 10. h3 O-O 11. Be3 Qb6 12. Qe2 Qc7 13. Rfd1 Rd8 14. Rac1 Qa5 15. Bd3 Nb4 16. Bb1 Nbd5 17. Nxd5 Nxd5 18. Qc2 Bd7 19. Qxh7+ 1-0

[Event "Montcalm 1 2025-26"]
[Site "Quebec CAN"]
[Date "2025.09.25"]
[Round "3"]
[White "Fecteau, Martin"]
[Black "Bourassa, Samuel"]
[Result "0-1"]
[WhiteElo "1772"]
[BlackElo "2069"]
[WhiteFideId "-1"]
[WhiteFideId "-1"]
[PlyCount "70"]
[GameId "2226715195929344"]
[EventDate "2025.09.11"]
[EventType "swiss"]
[EventRounds "5"]
[EventCountry "CAN"]

1. d4 f5 2. Nf3 Nf6 3. g3 d5 4. Ne5 e6 5. Bg2 Bd6 6. O-O O-O 7. Nd2 c5 8. Ndf3 cxd4 9. Qxd4 Nc6 10. Nxc6 bxc6 11. Qa4 Bd7 12. c4 c5 13. Qc2 Rc8 14. Bg5 d4 15. Nd2 h6 16. Bxf6 Qxf6 17. f4 g5 18. Qd3 Bc6 19. Rae1 Bxg2 20. Kxg2 e5 21. fxe5 Bxe5 22. Nf3 Qc6 23. Kg1 Bg7 24. b3 Rce8 25. Qd2 Re3 26. Rf2 Rfe8 27. Ref1 Qe4 28. Qa5 Rxe2 29. Qxc5 d3 30. Qd5+ Qxd5 31. cxd5 g4 32. Nh4 Bd4 33. Nxf5 Rxf2 34. Rxf2 Bxf2+ 35. Kxf2 d2 0-1

[Event "Montcalm 1 2025-26"]
[Site "Quebec CAN"]
[Date "2025.09.25"]
[Round "3"]
[White "Gagne, Louis"]
[Black "Talbot, Raymond"]
[Result "0-1"]
[WhiteElo "1230"]
[BlackElo "1520"]
[WhiteFideId "-1"]
[WhiteFideId "-1"]
[PlyCount "98"]
[GameId "2226715195933448"]
[EventDate "2025.09.11"]
[EventType "swiss"]
[EventRounds "5"]
[EventCountry "CAN"]

1. e4 e5 2. Nc3 Nf6 3. g3 Bc5 4. Bg2 a6 5. Nge2 Nc6 6. O-O d6 7. h3 Be6 8. d3 h6 9. Kh2 Qd7 10. f4 exf4 11. Nxf4 O-O-O 12. Nxe6 Qxe6 13. Re1 Bd4 14. Be3 g5 15. Bxd4 Nxd4 16. Ne2 Nc6 17. c3 h5 18. b4 Ne5 19. Nd4 Qd7 20. a4 h4 21. g4 Nfxg4+ 22. Kg1 Nf6 23. Re3 Nh5 24. Nf5 Nf4 25. d4 Nc4 26. Rf3 d5 27. Qc2 dxe4 28. Qxe4 Rde8 29. Qb1 Nd2 30. Qc2 Nxf3+ 31. Bxf3 Nxh3+ 32. Kg2 Nf4+ 33. Kh2 Kb8 34. Be4 g4 35. Re1 g3+ 36. Kg1 g2 37. Re3 h3 38. Kh2 Reg8 39. Ng3 Nh5 40. Bf5 Qd6 41. Qf2 Qf4 42. Rf3 Qc1 43. Re3 Nxg3 44. Re1 Qg5 45. Bxh3 Nf1+ 46. Rxf1 gxf1=Q 47. Qxf1 Qg3+ 48. Kh1 Rxh3+ 49. Qxh3 Qxh3# 0-1

[Event "Montcalm 1 2025-26"]
[Site "Quebec CAN"]
[Date "2025.09.25"]
[Round "3"]
[White "Lamini, Cedric"]
[Black "Drolet, Stephane"]
[Result "0-1"]
[WhiteElo "1614"]
[BlackElo "1946"]
[WhiteFideId "-1"]
[WhiteFideId "-1"]
[PlyCount "66"]
[GameId "2226715195929346"]
[EventDate "2025.09.11"]
[EventType "swiss"]
[EventRounds "5"]
[EventCountry "CAN"]

1. d4 e6 2. c4 f5 3. Nf3 Nf6 4. g3 Bb4+ 5. Bd2 Qe7 6. a3 Bxd2+ 7. Nbxd2 d6 8. Bg2 O-O 9. O-O e5 10. dxe5 dxe5 11. Qc2 e4 12. Nd4 e3 13. N2f3 exf2+ 14. Rxf2 Ng4 15. Nh4 Nxf2 16. Kxf2 c6 17. c5 f4 18. Qc4+ Kh8 19. Kg1 Na6 20. b4 Qe3+ 21. Kh1 fxg3 22. Rd1 gxh2 23. Nhf3 Nc7 24. Nc2 Qe7 25. Kxh2 Nd5 26. e4 Nf4 27. Rh1 Bg4 28. Nce1 Rad8 29. Qc2 Qe6 30. Kg1 Nxg2 31. Kxg2 Bxf3+ 32. Nxf3 Qg4+ 33. Kf1 Rxf3+ 0-1

[Event "Montcalm 1 2025-26"]
[Site "Quebec CAN"]
[Date "2025.09.25"]
[Round "3"]
[White "Marquis, Paul"]
[Black "Auger, Bertrand"]
[Result "0-1"]
[WhiteElo "1834"]
[BlackElo "1808"]
[WhiteFideId "-1"]
[WhiteFideId "-1"]
[PlyCount "88"]
[GameId "2226715195929345"]
[EventDate "2025.09.11"]
[EventType "swiss"]
[EventRounds "5"]
[EventCountry "CAN"]

1. e4 e6 2. d4 d5 3. e5 b6 4. Bb5+ c6 5. Ba4 Ba6 6. Ne2 Ne7 7. Bg5 Qc7 8. O-O Nd7 9. f4 Nf5 10. Rf2 h6 11. g4 Ne3 12. Qc1 Nxg4 13. Bh4 Nxf2 14. Kxf2 c5 15. Nbc3 Bxe2 16. Nxe2 cxd4 17. Qd2 a6 18. Bxd7+ Kxd7 19. Bg3 Rc8 20. Rc1 b5 21. Kg2 Bc5 22. f5 Bb6 23. Qf4 Rcf8 24. Qg4 Rhg8 25. Nxd4 Bxd4 26. Qxd4 Rc8 27. c3 Qc5 28. Qf4 Rgf8 29. Qg4 Qc4 30. fxe6+ fxe6 31. Qxg7+ Kc6 32. Qxh6 Qe4+ 33. Kg1 Qg4 34. Qe3 Rf3 35. Qe1 Rcf8 36. Rd1 R8f4 37. Kh1 Re4 38. Qg1 Qh5 39. Rf1 Re2 40. Re1 Rxe1 41. Qxe1 Rd3 42. Kg2 Qf3+ 43. Kh3 Re3 44. Qg1 Rxe5 0-1

[Event "Montcalm 1 2025-26"]
[Site "Quebec CAN"]
[Date "2025.09.25"]
[Round "3"]
[White "Mercure, Gilbert"]
[Black "Diotte, Jean-Raymond"]
[Result "1-0"]
[WhiteElo "1840"]
[BlackElo "1409"]
[WhiteFideId "-1"]
[WhiteFideId "-1"]
[PlyCount "55"]
[GameId "2226715195929348"]
[EventDate "2025.09.11"]
[EventType "swiss"]
[EventRounds "5"]
[EventCountry "CAN"]

1. e4 e5 2. Nf3 Nf6 3. Nxe5 d6 4. Nxf7 Kxf7 5. d4 Qe7 6. Bd3 Nc6 7. O-O Nxd4 8. Bc4+ Ne6 9. Nc3 c6 10. Bg5 h6 11. Bh4 g5 12. Bg3 b5 13. e5 bxc4 14. exf6 Qd7 15. Re1 Ke8 16. Qf3 d5 17. Rad1 Bb7 18. Qh5+ Kd8 19. f7 Rh7 20. Qg6 Qxf7 21. Rxe6 Qxg6 22. Rxg6 Re7 23. h4 Re8 24. hxg5 hxg5 25. Rxg5 Bc5 26. Rg7 Ba6 27. Nxd5 Bxf2+ 28. Bxf2 1-0

[Event "Montcalm 1 2025-26"]
[Site "Quebec CAN"]
[Date "2025.09.25"]
[Round "3"]
[White "Michaud, Jacques"]
[Black "Cournoyer, Dominic"]
[Result "0-1"]
[WhiteElo "1453"]
[BlackElo "1927"]
[WhiteFideId "-1"]
[WhiteFideId "-1"]
[PlyCount "58"]
[GameId "2226715195929347"]
[EventDate "2025.09.11"]
[EventType "swiss"]
[EventRounds "5"]
[EventCountry "CAN"]

1. d4 Nf6 2. Bg5 d5 3. Bxf6 exf6 4. e3 Bd6 5. Nf3 Nc6 6. c4 dxc4 7. Bxc4 O-O 8. O-O Bg4 9. Nbd2 f5 10. h3 Bh5 11. Bd3 f4 12. Qb1 fxe3 13. fxe3 Bg6 14. Ne4 Qe7 15. Kh1 Nb4 16. Nfd2 Nxd3 17. Qxd3 Rae8 18. Rf3 Bxe4 19. Nxe4 Qxe4 20. Qb5 a6 21. Qh5 Qg6 22. Qd5 c6 23. Qb3 Re7 24. Raf1 Kh8 25. e4 Qxe4 26. Qc3 f6 27. Rf5 Rfe8 28. d5 Qxf5 29. Rd1 Qe5 0-1

[Event "Montcalm 1 2025-26"]
[Site "Quebec CAN"]
[Date "2025.09.25"]
[Round "3"]
[White "Miskic, Zdenko"]
[Black "Thibeault Page, Etienne"]
[Result "1/2-1/2"]
[WhiteElo "1582"]
[BlackElo "1463"]
[WhiteFideId "-1"]
[WhiteFideId "-1"]
[PlyCount "33"]
[GameId "2226715195933447"]
[EventDate "2025.09.11"]
[EventType "swiss"]
[EventRounds "5"]
[EventCountry "CAN"]

1. b3 e5 2. Bb2 Nc6 3. e3 d5 4. c4 d4 5. exd4 exd4 6. Nf3 Nf6 7. d3 Bb4+ 8. Nbd2 O-O 9. Be2 Re8 10. O-O Bg4 11. h3 Qe7 12. hxg4 Qxe2 13. Re1 Qxd1 14. Raxd1 Rxe1+ 15. Rxe1 Bxd2 16. Nxd2 Nxg4 17. Nf3 1/2-1/2

[Event "Montcalm 1 2025-26"]
[Site "Quebec CAN"]
[Date "2025.09.25"]
[Round "3"]
[White "Oliver, Vance"]
[Black "Tremblay, Noah"]
[Result "0-1"]
[WhiteElo "1395"]
[BlackElo "1672"]
[WhiteFideId "-1"]
[WhiteFideId "-1"]
[PlyCount "86"]
[GameId "2226715195933445"]
[EventDate "2025.09.11"]
[EventType "swiss"]
[EventRounds "5"]
[EventCountry "CAN"]

1. e4 e5 2. Nf3 Nc6 3. Bb5 Nf6 4. O-O Nxe4 5. d4 Nd6 6. Bxc6 dxc6 7. dxe5 Nf5 8. Qxd8+ Kxd8 9. Nc3 h6 10. Bf4 Be6 11. Rad1+ Ke8 12. a3 Rd8 13. Rxd8+ Kxd8 14. Rd1+ Kc8 15. b4 g5 16. Bc1 Bg7 17. h3 Rd8 18. Rxd8+ Kxd8 19. Bb2 Ne7 20. Kf1 Ng6 21. Ne4 Bf5 22. Nc5 b6 23. Nd3 Ke7 24. Nd4 Be4 25. f3 Bd5 26. Nf5+ Kf8 27. Nxg7 Kxg7 28. Kf2 Kf8 29. g3 Ke7 30. f4 gxf4 31. gxf4 Ke6 32. Kg3 Kf5 33. Bd4 h5 34. h4 Ke4 35. Bb2 Ne7 36. Nf2+ Ke3 37. Bc1+ Ke2 38. Nh3 Nf5+ 39. Kh2 Nxh4 40. Ng5 Kd1 41. Be3 Kxc2 42. Bd4 Kb3 43. Bf2 Nf5 0-1

[Event "Montcalm 1 2025-26"]
[Site "Quebec CAN"]
[Date "2025.09.25"]
[Round "3"]
[White "Sauve, Richard"]
[Black "Poliquin, Yvon"]
[Result "1-0"]
[WhiteElo "1831"]
[BlackElo "1827"]
[WhiteFideId "-1"]
[WhiteFideId "-1"]
[PlyCount "61"]
[GameId "2226715195925246"]
[EventDate "2025.09.11"]
[EventType "swiss"]
[EventRounds "5"]
[EventCountry "CAN"]

1. d4 e6 2. c4 d5 3. Nf3 c5 4. cxd5 exd5 5. Nc3 Nc6 6. g3 Nf6 7. Bg2 Be7 8. O-O O-O 9. Bg5 h6 10. Bxf6 Bxf6 11. dxc5 Bxc3 12. bxc3 Qa5 13. Qxd5 Be6 14. Qd3 Rad8 15. Nd4 a6 16. Bxc6 bxc6 17. Nxc6 Rxd3 18. Nxa5 Rxc3 19. Rfc1 Rxc1+ 20. Rxc1 Rc8 21. a3 Kf8 22. e4 Rc7 23. f4 f6 24. Kf2 Ke7 25. Ke3 Bd7 26. c6 Bg4 27. Kd4 Kd6 28. Nc4+ Ke7 29. Ne3 Be6 30. Nd5+ Bxd5 31. exd5 1-0

[Event "Montcalm 1 2025-26"]
[Site "Quebec CAN"]
[Date "2025.09.25"]
[Round "3"]
[White "Savard, Alexandre"]
[Black "Gaulin, Gaetan"]
[Result "0-1"]
[WhiteElo "1753"]
[BlackElo "1839"]
[WhiteFideId "-1"]
[WhiteFideId "-1"]
[PlyCount "132"]
[GameId "2226715195695869"]
[EventDate "2025.09.11"]
[EventType "swiss"]
[EventRounds "5"]
[EventCountry "CAN"]

1. d4 Nf6 2. Nc3 d5 3. Bf4 a6 4. e3 e6 5. Nf3 c5 6. dxc5 Bxc5 7. Bd3 Nc6 8. a3 b5 9. Nd4 Bb7 10. Nxc6 Bxc6 11. a4 b4 12. Ne2 Bd6 13. Nd4 Bb7 14. Bxd6 Qxd6 15. O-O h5 16. f3 g6 17. Qd2 Rc8 18. c3 bxc3 19. bxc3 O-O 20. Rab1 Rc7 21. Rb3 e5 22. Nc2 Nd7 23. a5 Nc5 24. Rb6 Rc6 25. Rfb1 Bc8 26. Nb4 Rxb6 27. axb6 Rd8 28. Nc2 Bb7 29. Qe2 Rc8 30. Nb4 a5 31. Na6 Rc6 32. Nxc5 Qxc5 33. Rb5 Qxc3 34. Kf2 Rc5 35. Rxc5 Qxc5 36. Qb2 e4 37. Qb5 Qxb5 38. Bxb5 Kg7 39. fxe4 dxe4 40. Ke2 f5 41. Kd2 Kf6 42. Kc3 Ke5 43. Be8 g5 44. Bxh5 f4 45. Kd2 f3 46. gxf3 exf3 47. Ke1 a4 48. Bf7 Kd6 49. Kd2 Kc5 50. Kd3 Ba6+ 51. Kd2 Kxb6 52. Ke1 Kc5 53. Kf2 Bc4 54. Bg6 a3 55. Bb1 Bd5 56. Kg3 Kb4 57. e4 Bxe4 58. Bxe4 a2 59. Kxf3 a1=Q 60. h3 Qe5 61. Bb7 Qf4+ 62. Kg2 Kc3 63. Bf3 Kd2 64. Bg4 Ke1 65. Kg1 Qg3+ 66. Kh1 Kf2 0-1

[Event "Montcalm 1 2025-26"]
[Site "Quebec CAN"]
[Date "2025.09.25"]
[Round "3"]
[White "Simard, Rejean"]
[Black "Zarrari, Aissame"]
[Result "0-1"]
[WhiteElo "1037"]
[BlackElo "1498"]
[WhiteFideId "-1"]
[WhiteFideId "-1"]
[PlyCount "104"]
[GameId "2226715195933449"]
[EventDate "2025.09.11"]
[EventType "swiss"]
[EventRounds "5"]
[EventCountry "CAN"]

1. d4 d6 2. Nf3 g6 3. e3 Bg7 4. Bd3 Nf6 5. Nbd2 Nbd7 6. O-O O-O 7. b3 e5 8. dxe5 dxe5 9. e4 Nc5 10. Qe2 Nxd3 11. cxd3 Bg4 12. h3 Bd7 13. Bb2 Bb5 14. Nc4 Nd7 15. Rfd1 Re8 16. Rab1 Bc6 17. Qc2 f6 18. Re1 Nf8 19. Rbd1 Ne6 20. d4 exd4 21. Nxd4 Nxd4 22. Bxd4 Qe7 23. f3 Rad8 24. Bb2 Qc5+ 25. Kh1 Qg5 26. Bc1 Qh5 27. Rxd8 Rxd8 28. Ne3 Qa5 29. Re2 Be8 30. Bd2 Qb6 31. Nc4 Qc6 32. Be3 a6 33. a4 b5 34. axb5 Qxb5 35. Bf4 Rd7 36. e5 fxe5 37. Bxe5 Bf7 38. Bxg7 Kxg7 39. Re5 Rd5 40. Rxd5 Qxd5 41. Qd2 Qxd2 42. Nxd2 Bd5 43. Kg1 Kf6 44. Kf2 Ke5 45. Ke3 g5 46. g3 c5 47. f4+ gxf4+ 48. gxf4+ Kf5 49. Nc4 Bxc4 50. bxc4 a5 51. Kd3 a4 52. Kc3 Kxf4 0-1

[Event "Montcalm 1 2025-26"]
[Site "Quebec CAN"]
[Date "2025.09.25"]
[Round "3"]
[White "Tellez Perez, Vicente"]
[Black "Fortin, Claude"]
[Result "0-1"]
[WhiteElo "1274"]
[BlackElo "1447"]
[WhiteFideId "-1"]
[WhiteFideId "-1"]
[PlyCount "90"]
[GameId "2226715195933450"]
[EventDate "2025.09.11"]
[EventType "swiss"]
[EventRounds "5"]
[EventCountry "CAN"]

1. e4 e6 2. Nf3 d5 3. Nc3 d4 4. Nb5 Nc6 5. Bd3 a6 6. Na3 Bxa3 7. bxa3 e5 8. Bb2 Nf6 9. c3 dxc3 10. dxc3 O-O 11. O-O Bg4 12. Be2 Nxe4 13. Qc2 Nd6 14. Rad1 Qe7 15. Ne1 Bxe2 16. Qxe2 f6 17. Nd3 a5 18. Rde1 Qf7 19. Ba1 Nc4 20. a4 b6 21. Rd1 Rad8 22. Qe4 Rd6 23. Bb2 f5 24. Qe2 Rfd8 25. Bc1 e4 26. Nf4 Rxd1 27. Rxd1 Rxd1+ 28. Qxd1 N4e5 29. Qd5 Kf8 30. Ne6+ Kg8 31. Nf4 Qxd5 32. Nxd5 Nd3 33. Be3 Nc5 34. Bxc5 bxc5 35. Nxc7 Kf7 36. g3 Kf6 37. Nd5+ Ke5 38. Ne3 g6 39. h4 f4 40. gxf4+ Kxf4 41. Kg2 h5 42. a3 g5 43. hxg5 Kxg5 44. f3 Kf4 45. fxe4 Kxe3 0-1

[Event "Montcalm 1 2025-26"]
[Site "Quebec CAN"]
[Date "2025.10.02"]
[Round "4"]
[White "Gaulin, Gaetan"]
[Black "Sauve, Richard"]
[Result "1/2-1/2"]
[WhiteElo "1839"]
[BlackElo "1831"]
[WhiteFideId "-1"]
[WhiteFideId "-1"]
[PlyCount "53"]
[GameId "2229241624385815"]
[EventDate "2025.09.11"]
[EventType "swiss"]
[EventRounds "5"]
[EventCountry "CAN"]

1. d4 d5 2. c4 e6 3. Nc3 c5 4. cxd5 exd5 5. Nf3 Nc6 6. e3 Nf6 7. Be2 Bd6 8. O-O O-O 9. dxc5 Bxc5 10. a3 Bf5 11. b4 Bb6 12. Bb2 d4 13. exd4 Nxd4 14. Nxd4 Qxd4 15. Na4 Qxd1 16. Bxd1 Bd8 17. Bf3 Ne4 18. Rfe1 Nd6 19. Rac1 Rc8 20. Rxc8 Bxc8 21. Bd5 b6 22. f3 Bd7 23. Bb3 Bc6 24. Kf2 Re8 25. Rxe8+ Nxe8 26. Be5 Bc7 27. Bxc7 1/2-1/2

[Event "Montcalm 1 2025-26"]
[Site "Quebec CAN"]
[Date "2025.10.02"]
[Round "4"]
[White "Auger, Bertrand"]
[Black "Belanger, Mathieu-Olivier"]
[Result "1-0"]
[WhiteElo "1808"]
[BlackElo "1926"]
[WhiteFideId "-1"]
[WhiteFideId "-1"]
[PlyCount "67"]
[GameId "2229241624451352"]
[EventDate "2025.09.11"]
[EventType "swiss"]
[EventRounds "5"]
[EventCountry "CAN"]

1. Nf3 Nf6 2. g3 g6 3. b4 Bg7 4. Bb2 O-O 5. d3 d6 6. Nbd2 e5 7. Bg2 Re8 8. O-O c6 9. c4 Bg4 10. h3 Bxf3 11. Nxf3 Nh5 12. Rb1 Nd7 13. Qc2 Rc8 14. e3 b5 15. g4 Nhf6 16. Nd2 Rc7 17. Rbc1 h5 18. g5 Nh7 19. h4 a6 20. Ne4 Nb8 21. f4 f5 22. gxf6 Nxf6 23. Nxf6+ Bxf6 24. cxb5 axb5 25. fxe5 dxe5 26. d4 e4 27. Rf4 Bxh4 28. Qb3+ Kh7 29. Rf7+ Rxf7 30. Qxf7+ Kh6 31. d5 Re7 32. Qf1 Qxd5 33. Qf8+ Kg5 34. Qf4# 1-0

[Event "Montcalm 1 2025-26"]
[Site "Quebec CAN"]
[Date "2025.10.02"]
[Round "4"]
[White "Poliquin, Yvon"]
[Black "Bourassa, Samuel"]
[Result "1-0"]
[WhiteElo "1827"]
[BlackElo "2069"]
[WhiteFideId "-1"]
[WhiteFideId "-1"]
[PlyCount "137"]
[GameId "2229241624451353"]
[EventDate "2025.09.11"]
[EventType "swiss"]
[EventRounds "5"]
[EventCountry "CAN"]

1. e4 c5 2. Nf3 Nc6 3. d4 cxd4 4. c3 Nf6 5. e5 Nd5 6. cxd4 d6 7. Bb5 Qa5+ 8. Nc3 Nxc3 9. Bxc6+ bxc6 10. bxc3 Qxc3+ 11. Bd2 Qd3 12. Qa4 Qa6 13. Qxa6 Bxa6 14. Rb1 h6 15. exd6 exd6 16. Bc3 Be7 17. d5 O-O 18. dxc6 Rac8 19. Nd4 Bg5 20. h4 Bf4 21. Rh3 Rfe8+ 22. Kd1 Be5 23. Re3 Kf8 24. g3 g5 25. hxg5 hxg5 26. Rc1 Bc4 27. Bb4 Bxd4 28. Bxd6+ Kg7 29. Rxe8 Rxc6 30. Be5+ Bxe5 31. Rxe5 Rd6+ 32. Ke1 Bxa2 33. Rxg5+ Kf6 34. Ra5 Be6 35. Rxa7 Kg5 36. Rd1 Rb6 37. Kf1 Rb3 38. Ra5+ Kg6 39. Kg2 Rb2 40. Rd6 Kf6 41. Rda6 Kg6 42. g4 Kg7 43. Kg3 Rb1 44. Ra1 Rb3+ 45. f3 Bd5 46. R6a3 Rb2 47. Rd1 Bc6 48. Rd6 Rc2 49. g5 Rc1 50. Rf6 Bd5 51. Rd3 Ba2 52. Ra3 Bd5 53. Rd6 Be6 54. Raa6 Rc5 55. f4 Rc3+ 56. Kf2 Rc2+ 57. Ke3 Rc3+ 58. Rd3 Rc4 59. Ra5 Rc1 60. f5 Bc4 61. Rd4 Bb3 62. Ra7 Rc5 63. Rf4 Kg8 64. Kd4 Rd5+ 65. Ke4 Rc5 66. Kd4 Rb5 67. f6 Rxg5 68. Rh4 Bd5 69. Rd7 1-0

[Event "Montcalm 1 2025-26"]
[Site "Quebec CAN"]
[Date "2025.10.02"]
[Round "4"]
[White "Drolet, Stephane"]
[Black "Mercure, Gilbert"]
[Result "0-1"]
[WhiteElo "1946"]
[BlackElo "1840"]
[WhiteFideId "-1"]
[WhiteFideId "-1"]
[PlyCount "98"]
[GameId "2229241624451354"]
[EventDate "2025.09.11"]
[EventType "swiss"]
[EventRounds "5"]
[EventCountry "CAN"]

1. c4 Nc6 2. Nc3 e5 3. g3 Bb4 4. Nd5 Bc5 5. Bg2 Nge7 6. e3 Nxd5 7. cxd5 Nb4 8. Qb3 a5 9. a3 a4 10. Qc3 Na6 11. Qxe5+ Be7 12. d4 O-O 13. Ne2 c5 14. dxc6 dxc6 15. Nc3 Bf6 16. Qh5 g6 17. Qd1 Nb8 18. Nxa4 b5 19. Nc5 b4 20. a4 Ra5 21. O-O Qb6 22. Bd2 Na6 23. Nb3 Rh5 24. Bf3 Rh6 25. e4 g5 26. e5 Be7 27. a5 Qb7 28. h4 Rg6 29. hxg5 Bxg5 30. Bxg5 Rxg5 31. Qc1 h6 32. Qxc6 Qe7 33. Qxh6 Rg6 34. Qh5 Kg7 35. Bg2 Rh8 36. Qf3 Be6 37. Rfc1 Qg5 38. Nc5 Bg4 39. Qe3 Qh5 40. Kf1 Rgh6 41. Ke1 Qh2 42. Be4 Nxc5 43. dxc5 Qh5 44. Qf4 Rd8 45. Qxh6+ Qxh6 46. Kf1 Qh2 47. a6 Rd2 48. Bg2 Bh3 49. Ke1 Rxb2 0-1

[Event "Montcalm 1 2025-26"]
[Site "Quebec CAN"]
[Date "2025.10.02"]
[Round "4"]
[White "Cournoyer, Dominic"]
[Black "Bergeron, Nicolas"]
[Result "1/2-1/2"]
[WhiteElo "1927"]
[BlackElo "1647"]
[WhiteFideId "-1"]
[WhiteFideId "-1"]
[PlyCount "62"]
[GameId "2229241624451355"]
[EventDate "2025.09.11"]
[EventType "swiss"]
[EventRounds "5"]
[EventCountry "CAN"]

1. c4 e5 2. g3 c6 3. Bg2 d5 4. cxd5 cxd5 5. Qb3 Nf6 6. Nf3 Nc6 7. d3 h6 8. O-O Be7 9. Nc3 O-O 10. Nd2 Nd4 11. Qd1 Be6 12. e3 Nc6 13. b3 d4 14. Nce4 dxe3 15. Nxf6+ Bxf6 16. fxe3 Qxd3 17. Ne4 Qxd1 18. Nxf6+ gxf6 19. Rxd1 Rfd8 20. Ba3 Kg7 21. Bxc6 bxc6 22. Be7 Rxd1+ 23. Rxd1 Re8 24. Bc5 Bd5 25. Kf2 Rb8 26. Rd2 a6 27. Re2 Be4 28. Rd2 Bd5 29. Re2 Be4 30. Rd2 Bd5 31. Re2 Be4 1/2-1/2

[Event "Montcalm 1 2025-26"]
[Site "Quebec CAN"]
[Date "2025.10.02"]
[Round "4"]
[White "Genest, Dominic"]
[Black "Barrera, Eduardo"]
[Result "0-1"]
[WhiteElo "1747"]
[BlackElo "1934"]
[WhiteFideId "-1"]
[WhiteFideId "-1"]
[PlyCount "44"]
[GameId "2229241624451356"]
[EventDate "2025.09.11"]
[EventType "swiss"]
[EventRounds "5"]
[EventCountry "CAN"]

1. c4 e6 2. g3 d5 3. Bg2 Nf6 4. Nf3 Be7 5. O-O O-O 6. b3 c5 7. cxd5 Nxd5 8. Bb2 Nc6 9. Nc3 Bf6 10. Rc1 Re8 11. Re1 a6 12. e4 Ndb4 13. e5 Nd3 14. exf6 Nxb2 15. Qc2 Nd3 16. Ng5 Ncb4 17. Qb1 gxf6 18. Nxh7 Nxc1 19. Ne4 Nd5 20. Rxc1 f5 21. Neg5 f6 22. Bxd5 exd5 0-1

[Event "Montcalm 1 2025-26"]
[Site "Quebec CAN"]
[Date "2025.10.02"]
[Round "4"]
[White "Tremblay, Noah"]
[Black "Marquis, Paul"]
[Result "1-0"]
[WhiteElo "1672"]
[BlackElo "1834"]
[WhiteFideId "-1"]
[WhiteFideId "-1"]
[PlyCount "87"]
[GameId "2229241624451357"]
[EventDate "2025.09.11"]
[EventType "swiss"]
[EventRounds "5"]
[EventCountry "CAN"]

1. e4 c5 2. Nf3 Nc6 3. d4 cxd4 4. Nxd4 Nf6 5. Nc3 e5 6. Nb3 Bb4 7. Bd3 d5 8. exd5 Qxd5 9. O-O Bxc3 10. bxc3 O-O 11. Re1 Bg4 12. f3 Bh5 13. Ba3 Rfd8 14. Qd2 Bg6 15. Rad1 Bxd3 16. cxd3 b6 17. c4 Qd7 18. Bb2 Qd6 19. Qe3 Re8 20. c5 Qc7 21. Rc1 b5 22. Qg5 Rad8 23. f4 h6 24. Qf5 Rd5 25. fxe5 Nxe5 26. d4 Qd7 27. Qxd7 Nexd7 28. Rxe8+ Nxe8 29. c6 Nb6 30. Rc5 Rxc5 31. Nxc5 Nd6 32. Nd7 Nbc4 33. Bc1 f6 34. Bf4 Kf7 35. d5 Ke7 36. Kf2 g5 37. Bxd6+ Nxd6 38. Ke3 Ne8 39. Kd4 Kd6 40. Nc5 f5 41. Nb7+ Kc7 42. Kc5 a6 43. d6+ Nxd6 44. Nxd6 1-0

[Event "Montcalm 1 2025-26"]
[Site "Quebec CAN"]
[Date "2025.10.02"]
[Round "4"]
[White "Talbot, Raymond"]
[Black "Fecteau, Martin"]
[Result "0-1"]
[WhiteElo "1520"]
[BlackElo "1772"]
[WhiteFideId "-1"]
[WhiteFideId "-1"]
[PlyCount "86"]
[GameId "2229241624451358"]
[EventDate "2025.09.11"]
[EventType "swiss"]
[EventRounds "5"]
[EventCountry "CAN"]

1. e4 c5 2. Nf3 Nc6 3. Bb5 Nf6 4. Nc3 a6 5. Bxc6 dxc6 6. d3 g6 7. Be3 b6 8. O-O Bg7 9. h3 O-O 10. Qd2 Re8 11. a4 a5 12. Bh6 Bh8 13. Qf4 Nh5 14. Qh4 Qc7 15. Rae1 e5 16. Ne2 Ba6 17. b3 b5 18. Ra1 c4 19. g4 Ng7 20. bxc4 bxc4 21. Rfd1 cxd3 22. cxd3 Ne6 23. Be3 Rad8 24. Nc1 c5 25. Ng5 f6 26. Nxe6 Rxe6 27. Nb3 Rc6 28. g5 Rxd3 29. Rxd3 Bxd3 30. Rc1 c4 31. Nd2 c3 32. Nb3 c2 33. f3 fxg5 34. Bxg5 Qb6+ 35. Kh2 Qxb3 36. Bh6 Bf6 37. Qf2 Qb6 38. Be3 Qd8 39. Qd2 Ba6 40. Qe1 Bc8 41. Qe2 Qd7 42. Qg2 Qd3 43. Qg1 Rc3 0-1

[Event "Montcalm 1 2025-26"]
[Site "Quebec CAN"]
[Date "2025.10.02"]
[Round "4"]
[White "Zarrari, Aissame"]
[Black "Lescarbeau, Martin"]
[Result "0-1"]
[WhiteElo "1498"]
[BlackElo "1741"]
[WhiteFideId "-1"]
[WhiteFideId "-1"]
[PlyCount "60"]
[GameId "2229241624451359"]
[EventDate "2025.09.11"]
[EventType "swiss"]
[EventRounds "5"]
[EventCountry "CAN"]

1. d4 d5 2. Nf3 c5 3. e3 Nc6 4. b3 cxd4 5. exd4 Bg4 6. Be2 Nf6 7. Bb2 e6 8. Nbd2 Bb4 9. O-O O-O 10. a3 Bxd2 11. Qxd2 Rc8 12. Ne5 Nxe5 13. dxe5 Ne4 14. Qd1 Bxe2 15. Qxe2 Qb6 16. Qd3 Rc6 17. Bd4 Qc7 18. Rac1 Nc5 19. Qd2 Rc8 20. f3 Nxb3 21. cxb3 Rxc1 22. Rxc1 Qxc1+ 23. Qxc1 Rxc1+ 24. Kf2 b6 25. b4 Rc2+ 26. Kg3 Ra2 27. Be3 Rxa3 28. Bg5 a5 29. Be7 axb4 30. Bxb4 Ra4 0-1